[Event "CRO-chT1B 28th"]
[Site "Mali Losinj"]
[Date "2019.10.03"]
[Round "6.44"]
[White "Rubil, Marko"]
[Black "Bender, Ivan"]
[Result "1-0"]
[WhiteElo "2269"]
[BlackElo "2212"]
[PlyCount "89"]
[EventDate "2019.09.28"]
[EventType "team-tourn"]
[EventRounds "9"]
[EventCountry "CRO"]
[SourceTitle "EXT 2020"]
[Source "ChessBase"]
[SourceDate "2019.10.17"]
[SourceVersion "1"]
[SourceVersionDate "2019.10.17"]
[SourceQuality "1"]
[WhiteTeam "Slavonski Brod Dakovic"]
[BlackTeam "Dubrovnik"]
[WhiteTeamCountry "CRO"]
[BlackTeamCountry "CRO"]

1. e4 e5 2. Nf3 Nc6 3. Bb5 a6 4. Ba4 Nf6 5. 0-0 Be7 6. Re1 b5 7. Bb3 d6 8. c3 0-0 9. h3 Nb8 10. d3 Nbd7 11. Nbd2 Bb7 12. Nf1 Nc5 13. Bc2 Re8 14. N3h2 Bf8 15. Qf3 Ne6 16. Be3 d5 17. Ng3 d4 18. cxd4 Nxd4 19. Bxd4 Qxd4 20. Nf5 Qb6 21. Bb3 g6 22. Ne3 Re7 23. Nhg4 Nxg4 24. hxg4 c6 25. g5 h6 26. Qf6 Qc7 27. Qxg6+ Kh8 28. Qh5 Bc8 29. Rac1 Be6 30. Nd5 Bxd5 31. Bxd5 Rc8 32. Rxc6 Qxc6 33. Bxc6 Rxc6 34. gxh6 Bxh6 35. g3 Kg7 36. Qg4+ Kf8 37. Kg2 Ree6 38. Qd1 Red6 39. Qb3 Kg8 40. Re2 Rc7 41. Rc2 Rcd7 42. Rc8+ Kh7 43. Qd1 Rg6 44. Qh5 Rg5 45. Rh8+ 1-0

[Event "CRO-chT1B 28th"]
[Site "Mali Losinj"]
[Date "2019.10.01"]
[Round "4.54"]
[White "Bukal, Vladimir Jr"]
[Black "Bender, Ivan"]
[Result "1-0"]
[WhiteElo "2390"]
[BlackElo "2212"]
[PlyCount "113"]
[EventDate "2019.09.28"]
[EventType "team-tourn"]
[EventRounds "9"]
[EventCountry "CRO"]
[SourceTitle "EXT 2020"]
[Source "ChessBase"]
[SourceDate "2019.10.17"]
[SourceVersion "1"]
[SourceVersionDate "2019.10.17"]
[SourceQuality "1"]
[WhiteTeam "Sesvete Agroproteinka"]
[BlackTeam "Dubrovnik"]
[WhiteTeamCountry "CRO"]
[BlackTeamCountry "CRO"]

1. d4 d5 2. Nf3 Nf6 3. Bf4 c5 4. e3 Nc6 5. Bb5 cxd4 6. Nxd4 Bd7 7. 0-0 e6 8. c4 Be7 9. Nc3 a6 10. Ba4 Nxd4 11. Bxd7+ Qxd7 12. Qxd4 dxc4 13. Qxc4 b5 14. Qb3 0-0 15. Rfd1 Qa7 16. a4 b4 17. Ne2 Rac8 18. Rac1 Qb7 19. h3 h6 20. Nd4 Ne4 21. Nxe6 Rxc1 22. Rxc1 Rc8 23. Rd1 Nxf2 24. Kxf2 fxe6 25. Qxe6+ Kh8 26. Qg6 Qc6 27. Qxc6 Rxc6 28. Be5 Rc2+ 29. Kf3 Bf6 30. Bxf6 gxf6 31. Rd6 Kg7 32. b3 Rc3 33. Rxa6 Rxb3 34. Rb6 Rb1 35. Kg4 Kg6 36. e4 h5+ 37. Kh4 b3 38. e5 Rf1 39. a5 b2 40. Rxb2 Rf4+ 41. Kg3 Ra4 42. Rb5 h4+ 43. Kf3 Ra3+ 44. Ke4 Ra2 45. e6 Re2+ 46. Kd5 Re5+ 47. Kc4 Re4+ 48. Kc3 Rxe6 49. Rb2 Re3+ 50. Kb4 Re4+ 51. Kb5 Re5+ 52. Kb6 Re6+ 53. Kc7 Kf7 54. Ra2 Re7+ 55. Kc6 Re6+ 56. Kc5 Ra6 57. Kb5 1-0

[Event "CRO-chT1B 28th"]
[Site "Mali Losinj"]
[Date "2019.09.28"]
[Round "1.24"]
[White "Zufic, Miroslav"]
[Black "Bender, Ivan"]
[Result "1-0"]
[WhiteElo "2382"]
[BlackElo "2212"]
[PlyCount "79"]
[EventDate "2019.09.28"]
[EventType "team-tourn"]
[EventRounds "9"]
[EventCountry "CRO"]
[SourceTitle "EXT 2020"]
[Source "ChessBase"]
[SourceDate "2019.10.17"]
[SourceVersion "1"]
[SourceVersionDate "2019.10.17"]
[SourceQuality "1"]
[WhiteTeam "Pula"]
[BlackTeam "Dubrovnik"]
[WhiteTeamCountry "CRO"]
[BlackTeamCountry "CRO"]

1. e4 c5 2. Nf3 d6 3. d4 cxd4 4. Nxd4 Nf6 5. Nc3 a6 6. g3 e5 7. Nde2 Be7 8. Bg2 0-0 9. a4 h6 10. 0-0 b6 11. Nd5 Nxd5 12. Qxd5 Qc7 13. Be3 Nc6 14. Qd2 Be6 15. b3 Rab8 16. Nc3 Rfc8 17. Rac1 Nb4 18. Nd5 Nxd5 19. exd5 Bd7 20. c4 Qd8 21. f4 Bf6 22. fxe5 Bxe5 23. Be4 Qe7 24. Bd3 Rf8 25. Bf4 Bxf4 26. Qxf4 Rbe8 27. Rf3 Qe5 28. Qd2 a5 29. Qf2 Bg4 30. Rf4 Qe3 31. Qxe3 Rxe3 32. Rc3 g5 33. Rxg4 f5 34. Rd4 Rfe8 35. Rc1 Rf3 36. Rf1 Ree3 37. Rxf3 Rxf3 38. Kg2 g4 39. Bc2 Rc3 40. Bxf5 1-0

[Event "SLO-chT1 East"]
[Site "Slovenia"]
[Date "2019.09.20"]
[Round "4.2"]
[White "Horvath, Tamas"]
[Black "Bender, Ivan"]
[Result "1/2-1/2"]
[WhiteElo "2306"]
[BlackElo "2212"]
[PlyCount "96"]
[EventDate "2019.09.06"]
[EventType "team-tourn"]
[EventRounds "9"]
[EventCountry "SLO"]
[SourceTitle "EXT 2020"]
[Source "ChessBase"]
[SourceDate "2019.10.17"]
[SourceVersion "1"]
[SourceVersionDate "2019.10.17"]
[SourceQuality "1"]
[WhiteTeam "Lendava Rokada"]
[BlackTeam "Zagorje ob Savi"]
[WhiteTeamCountry "SLO"]
[BlackTeamCountry "SLO"]

1. e4 c6 2. Ne2 d5 3. e5 d4 4. c3 c5 5. Nf4 e6 6. Na3 Ne7 7. Bb5+ Bd7 8. 0-0 Bc6 9. Re1 Nd5 10. Qg4 Nxf4 11. Qxf4 a6 12. Bf1 b5 13. cxd4 cxd4 14. Nc2 Bc5 15. b4 Bb6 16. Bb2 0-0 17. Nxd4 Qe7 18. a3 Rd8 19. Rac1 Be8 20. Re3 Ra7 21. Rg3 Rc7 22. Rxc7 Bxc7 23. Nf3 Bc6 24. Ng5 h6 25. Ne4 Bxe4 26. Qxe4 g6 27. d4 Nd7 28. Qf4 h5 29. Qh6 Nf8 30. Qxh5 Bb6 31. Qg4 Qa7 32. Rd3 Rd5 33. h4 Qe7 34. Be2 Qd8 35. h5 f5 36. exf6 Rxh5 37. Qg3 Rf5 38. Bf3 Bc7 39. Qg4 Qxf6 40. g3 Nh7 41. Kg2 Ng5 42. Bc1 Rxf3 43. Rxf3 Nxf3 44. Qxf3 Qxd4 45. Qa8+ Kf7 46. Qxa6 Qd5+ 47. Kh2 Qh5+ 48. Kg2 Qd5+ 1/2-1/2

[Event "Hum na Sutli op 13th"]
[Site "Hum na Sutli"]
[Date "2019.08.30"]
[Round "8"]
[White "Zufic, Miroslav"]
[Black "Bender, Ivan"]
[Result "1-0"]
[WhiteElo "2382"]
[BlackElo "2214"]
[PlyCount "159"]
[EventDate "2019.08.24"]
[EventType "swiss"]
[EventRounds "9"]
[EventCountry "CRO"]
[SourceTitle "EXT 2020"]
[Source "ChessBase"]
[SourceDate "2019.10.17"]
[SourceVersion "1"]
[SourceVersionDate "2019.10.17"]
[SourceQuality "1"]

1. e4 e5 2. Nf3 Nc6 3. Bb5 Nf6 4. d3 Bd6 5. c3 0-0 6. Nbd2 a6 7. Ba4 b5 8. Bc2 Re8 9. 0-0 Bf8 10. d4 d6 11. Re1 h6 12. h3 Bb7 13. d5 Nb8 14. b3 c6 15. c4 cxd5 16. cxd5 Nbd7 17. a4 bxa4 18. bxa4 Nc5 19. a5 Bc8 20. Nc4 Bd7 21. Nb6 Rb8 22. Ba3 Bb5 23. Bxc5 dxc5 24. Nd2 Nd7 25. Ndc4 Nxb6 26. Nxb6 c4 27. Qd2 Bc5 28. Na4 Bd4 29. Nc3 Qc7 30. Ra2 Qc5 31. Rc1 Red8 32. Bd1 Rd6 33. Bf3 Bd7 34. Nd1 Rb4 35. Rac2 Ba4 36. Rc3 Bxd1 37. Bxd1 Bxc3 38. Qxc3 f5 39. Qxe5 Rb8 40. Be2 fxe4 41. Qxe4 Rf8 42. Rxc4 Qxf2+ 43. Kh2 Qf5 44. Bg4 Qxe4 45. Rxe4 Kf7 46. Be6+ Ke7 47. Rb4 g5 48. Rb7+ Kf6 49. Kg3 Kg6 50. h4 gxh4+ 51. Kxh4 Rf4+ 52. g4 Ra4 53. Bf7+ Kf6 54. Be6 Rxa5 55. Rh7 Ra1 56. Rxh6+ Kg7 57. Kg5 a5 58. Rg6+ Kh7 59. Bg8+ Kh8 60. Rxd6 Kxg8 61. Kg6 Kf8 62. Ra6 Ke7 63. g5 a4 64. Kg7 a3 65. g6 a2 66. Re6+ Kd7 67. Re2 Kd6 68. Rd2 Ke7 69. Rh2 Kd6 70. Kh7 Kxd5 71. g7 Rg1 72. Rxa2 Rh1+ 73. Kg8 Ke6 74. Re2+ Kd7 75. Re5 Kd6 76. Re2 Rh3 77. Re4 Rh1 78. Kf7 Rf1+ 79. Kg6 Rg1+ 80. Kf6 1-0

[Event "Hum na Sutli op 13th"]
[Site "Hum na Sutli"]
[Date "2019.08.24"]
[Round "1"]
[White "Bender, Ivan"]
[Black "Sokolic, Marko"]
[Result "1-0"]
[WhiteElo "2214"]
[BlackElo "1826"]
[PlyCount "86"]
[EventDate "2019.08.24"]
[EventType "swiss"]
[EventRounds "9"]
[EventCountry "CRO"]
[SourceTitle "EXT 2020"]
[Source "ChessBase"]
[SourceDate "2019.10.17"]
[SourceVersion "1"]
[SourceVersionDate "2019.10.17"]
[SourceQuality "1"]

1. d4 Nf6 2. c4 g6 3. Nc3 Bg7 4. e4 d6 5. f3 0-0 6. Bg5 Nbd7 7. Nh3 c6 8. Nf2 Re8 9. Be2 Qb6 10. Qd2 e5 11. d5 c5 12. g4 a6 13. h4 Qa5 14. h5 Rb8 15. a4 Qb4 16. a5 b5 17. cxb5 axb5 18. h6 Bh8 19. Nd3 Qc4 20. Be3 b4 21. Na4 Nxe4 22. fxe4 Qxe4 23. Nf2 Qg2 24. Bf1 Qf3 25. Rh3 Qf6 26. Bg5 e4 27. Bxf6 Bxf6 28. 0-0-0 Re5 29. Kb1 Bg5 30. Qc2 Nf6 31. Nb6 Bb7 32. Bg2 e3 33. Nd3 Re7 34. Bf3 Ba6 35. b3 Rbe8 36. Nb2 e2 37. Re1 Re3 38. Bg2 Rxh3 39. Bxh3 Bh4 40. Qc1 Ne4 41. N6c4 Bc8 42. Rxe2 Nc3+ 43. Qxc3 Rxe2 1-0